000
00223 a2200097 4500
001
25247
100
_a
Finningan, J
245
_a
Industrial Training Management
260
_a
_b
Business Books Ltd.
_c
090
_c
17016
_d
17016
942
_a
NUST-CAE
_c
M
_c
7799
999
_c
260320
_d
260320